MARC

LEADER 00000nam0a2200000 4500
001 288275
005 20231102000054.0
020 |a RU  |b 85-22449 
035 |a (RuTPU)RU\TPU\book\312733 
090 |a 288275 
100 |a 20150324d1984 m y0rusy5003 ca 
101 0 |a rus 
102 |a RU 
105 |a a j 001zy 
200 1 |a Смежные проблемы физики столкновений. Электронные столкновения и фотопроцессы  |e курс лекций  |f Петрозаводский государственный университет (ПетрГУ) ; под ред. А. Д. Хахаева 
210 |a Петрозаводск  |c Изд-во ПГУ  |d 1984 
215 |a 60 с.  |c ил. 
320 |a Библиогр.: с. 52-53 
606 1 |a Атомы  |x Столкновения  |2 stltpush  |3 (RuTPU)RU\TPU\subj\29797  |9 53059 
610 1 |a атомная физика 
610 1 |a микрочастицы 
610 1 |a атомные столкновения 
610 1 |a радиационный распад 
610 1 |a автоионизационные состояния 
610 1 |a столкновительные процессы 
610 1 |a термоядерная плазма 
610 1 |a синхротронное излучение 
610 1 |a фотобиологические процессы 
610 1 |a учебные пособия 
675 |a 539.186(075.8)  |v 3 
702 1 |a Хахаев  |b А. Д.  |4 340 
712 0 2 |a Петрозаводский государственный университет (ПетрГУ)  |2 stltpush  |3 (RuTPU)RU\TPU\col\1601 
712 1 2 |a Всесоюзный семинар по взаимодействию атомных частиц  |c семинар  |e Петрозаводск  |f 1983  |4 570 
801 0 |a RU  |b RuMRKP  |c 19950704  |g psbo 
801 1 |a RU  |b 63413507  |c 20150324 
801 2 |a RU  |b 63413507  |c 20180123  |g RCR 
942 |c BK